000 00950cam a22002411i 4500
003 SA-RiAUC
005 20250901044742.0
008 250125s1989 xx g 00000cara c
040 _aSA-JeALM
_bara
_cSA-RiAUC
_erda
082 0 4 _a922.58
_qSA-RiAUC
090 _a922.58
_bا ب ن ح
100 1 _aابن حميد، محمد بن عبد الله،
_d1236-1295 هجري
_eمؤلف.
245 1 2 _aالسحب الوابلة على ضرائح الحنابلة /
_cمحمد بن عبد الله بن حميد النجدي الحنبلي.
250 _aالطبعة الأولى.
264 1 _aبيروت :
_bمؤسسة الرسالة،
_c1996.
300 _aمجلد ؛
_c24 سم.
336 _aنص
_btxt
_2rdacontent
_3كتاب
337 _aبدون وسيط
_bn
_2rdamedia
338 _aمجلد
_bnc
_2rdacarrier
650 7 _aالفقهاء الحنابلة
_vتراجم
_2aucsh
942 _2ddc
_cBOOK
_n0
949 _aSA-JeALM
_d250125
_uosman123
_n1
999 _c11322
_d11322